[Event "Politiken Cup 2007"]
[Site "Helsingor"]
[Date "2007.07.28"]
[Round "9.98"]
[White "Guttulsrud, Odd Martin"]
[Black "Fjellengen, Baard"]
[Result "1-0"]
[WhiteElo "1426"]
[BlackElo "1899"]
[PlyCount "99"]
[EventDate "2007.??.??"]

1. e4 d5 2. exd5 Nf6 3. Nf3 Nxd5 4. d4 e6 5. Bd3 Nf6 6. O-O c5 7. Bg5 Nc6 8.
dxc5 Bxc5 9. Nc3 Be7 10. Qe2 Bd7 11. Ne4 Nxe4 12. Bxe7 Qxe7 13. Qxe4 Qb4 14.
Qxb4 Nxb4 15. Rfd1 Rd8 16. c3 Nc6 17. Be4 Ke7 18. Rd2 f5 19. Bc2 Bc8 20. Rad1
Rxd2 21. Rxd2 Rd8 22. Rxd8 Nxd8 23. Kf1 Nf7 24. Nd4 Nd6 25. Bd3 e5 26. Nb5 Nxb5
27. Bxb5 Kd6 28. Ke2 Be6 29. b3 a6 30. Bd3 b5 31. f3 h6 32. h4 g5 33. hxg5 hxg5
34. g3 Kc5 35. b4+ Kd5 36. Bc2 Kd6 37. Bb3 Bd5 38. Ke3 f4+ 39. gxf4 gxf4+ 40.
Ke2 Kc6 41. Kf2 Bxb3 42. axb3 Kd5 43. Ke2 e4 44. fxe4+ Kxe4 45. c4 Kd4 46. c5
Kd5 47. Kf3 a5 48. bxa5 b4 49. a6 Kc6 50. Kxf4 1-0

[Event "Politiken Cup 2007"]
[Site "Helsingor"]
[Date "2007.07.28"]
[Round "9.99"]
[White "Sigurdsson, Pall"]
[Black "Melkeraaen, Terje"]
[Result "1/2-1/2"]
[WhiteElo "1893"]
[BlackElo "1801"]
[PlyCount "101"]
[EventDate "2007.??.??"]

1. e4 c6 2. d4 d5 3. exd5 cxd5 4. c4 Nf6 5. Nc3 e6 6. Nf3 Be7 7. Be2 O-O 8. O-O
b6 9. Bg5 Bb7 10. Rc1 dxc4 11. Bxc4 Nc6 12. a3 Nd5 13. Bxe7 Ncxe7 14. Qd2 Rc8
15. Be2 Ng6 16. Nxd5 Qxd5 17. Rxc8 Rxc8 18. Rc1 Rxc1+ 19. Qxc1 h6 20. Bd3 Nf8
21. Qc3 g5 22. Ne1 Nd7 23. f3 Nf6 24. Nc2 Qd7 25. Ne3 Nd5 26. Nxd5 Bxd5 27. Bc2
Qb5 28. Bd3 Qc6 29. Kf2 Qxc3 30. bxc3 Kf8 31. c4 Bc6 32. Be4 Ba4 33. g4 Ke7 34.
Ke3 Kd6 35. f4 f6 36. Bf3 Bb3 37. Be2 Bc2 38. Kf3 Bb1 39. Kg3 Be4 40. h4 Bc2
41. hxg5 hxg5 42. Kf3 Bb3 43. Ke3 Bc2 44. Kd2 Be4 45. fxg5 fxg5 46. Kc3 Bc6 47.
Kd2 Be4 48. Ke3 Bc2 49. Bd3 Bd1 50. Be2 Bc2 51. Bd3 1/2-1/2

[Event "Politiken Cup 2007"]
[Site "Helsingor"]
[Date "2007.07.28"]
[Round "9.100"]
[White "Nordfjoerd, Sverrir"]
[Black "Almasy, Alexander"]
[Result "0-1"]
[WhiteElo "2039"]
[BlackElo "1752"]
[PlyCount "90"]
[EventDate "2007.??.??"]

1. e4 c5 2. d4 cxd4 3. c3 Nf6 4. e5 Nd5 5. Bc4 Nb6 6. Bb3 dxc3 7. Nxc3 e6 8.
Qg4 d5 9. Nf3 Nc6 10. O-O g6 11. Bg5 Be7 12. Rfe1 Bd7 13. Rad1 Na5 14. Bc2 Rc8
15. Bd3 Nac4 16. Bc1 Bc6 17. h4 Rc7 18. h5 Qd7 19. hxg6 hxg6 20. Bxg6 fxg6 21.
Qxg6+ Kd8 22. Nd4 Kc8 23. Nxe6 Bd8 24. Nxc7 Bxc7 25. e6 Qd6 26. g3 Ne5 27. Rxe5
Qxe5 28. Bf4 Qh5 29. Qxh5 Rxh5 30. Rd4 Bxf4 31. gxf4 Kd8 32. b4 Ke7 33. b5 Be8
34. a4 Kxe6 35. Kg2 Rf5 36. Kf3 Bh5+ 37. Ke3 Nc4+ 38. Kd3 Bg6 39. Ke2 Rh5 40.
Ke1 Na3 41. Ke2 Nb1 42. Na2 Be4 43. a5 Rh3 44. b6 Nc3+ 45. Nxc3 Rxc3 0-1

[Event "Politiken Cup 2007"]
[Site "Helsingor"]
[Date "2007.07.28"]
[Round "9.101"]
[White "Larsen, Finn"]
[Black "Henrichsen, Jens"]
[Result "1/2-1/2"]
[WhiteElo "1840"]
[BlackElo "2010"]
[PlyCount "39"]
[EventDate "2007.??.??"]

1. e4 c5 2. c3 d5 3. exd5 Qxd5 4. Nf3 Nc6 5. Be2 Nf6 6. O-O e6 7. Qc2 Be7 8. d3
O-O 9. Be3 b6 10. Rd1 Bb7 11. d4 cxd4 12. Bxd4 Nxd4 13. Rxd4 Qc6 14. Ne1 Rfd8
15. Bf3 Qc7 16. Bxb7 Qxb7 17. Nf3 Rac8 18. Nbd2 Rd5 19. Rxd5 Qxd5 20. Ne1
1/2-1/2

[Event "Politiken Cup 2007"]
[Site "Helsingor"]
[Date "2007.07.28"]
[Round "9.102"]
[White "Vaarala, Eric"]
[Black "Jensen, Soren Holm"]
[Result "0-1"]
[WhiteElo "1813"]
[BlackElo "2004"]
[PlyCount "46"]
[EventDate "2007.??.??"]

1. e4 e5 2. Nf3 Nc6 3. Bb5 a6 4. Ba4 Nf6 5. O-O Be7 6. Re1 b5 7. Bb3 d6 8. c3
O-O 9. h3 Na5 10. Bc2 c5 11. d4 Qc7 12. d5 Ne8 13. b3 g6 14. Bh6 Ng7 15. Qd2 f5
16. Nh2 Bd8 17. f3 Qf7 18. g4 Bh4 19. Rf1 f4 20. Qg2 Qe7 21. Rc1 Rf7 22. Nd2
Ne8 23. c4 g5 0-1

[Event "Politiken Cup 2007"]
[Site "Helsingor"]
[Date "2007.07.28"]
[Round "9.103"]
[White "Werner, Gert"]
[Black "Pijlman, Rene"]
[Result "1-0"]
[WhiteElo "2003"]
[BlackElo "1854"]
[PlyCount "73"]
[EventDate "2007.??.??"]

1. Nf3 Nf6 2. g3 b5 3. Bg2 Bb7 4. O-O e6 5. b3 Be7 6. Bb2 O-O 7. d3 c5 8. Nbd2
d5 9. c4 bxc4 10. dxc4 Nbd7 11. cxd5 exd5 12. Nh4 Re8 13. Nf5 Bf8 14. Re1 Qb6
15. Qc2 Rad8 16. Rac1 a5 17. e4 g6 18. Ne3 dxe4 19. Nec4 Qa7 20. Qc3 a4 21.
Bxe4 Bxe4 22. Nxe4 Bg7 23. Ncd6 Re6 24. Nxf7 Rf8 25. Nfg5 Re7 26. Qc4+ Kh8 27.
Nd6 Nb6 28. Qxc5 Nbd5 29. Rxe7 Qxe7 30. Nde4 Nxe4 31. Qxe7 Nxe7 32. Bxg7+ Kxg7
33. Ne6+ Kf7 34. Nxf8 Kxf8 35. bxa4 Nd5 36. a5 Nb4 37. Rc4 1-0

[Event "Politiken Cup 2007"]
[Site "Helsingor"]
[Date "2007.07.28"]
[Round "9.104"]
[White "Kokholm, Daniel"]
[Black "Nordin, Eric"]
[Result "0-1"]
[WhiteElo "2000"]
[BlackElo "1843"]
[PlyCount "136"]
[EventDate "2007.??.??"]

1. e4 d6 2. d4 Nf6 3. Nc3 g6 4. f3 c6 5. Be3 b5 6. Qd2 Nbd7 7. Bd3 b4 8. Nd1 a5
9. a3 bxa3 10. Rxa3 Bg7 11. Ne2 c5 12. c3 O-O 13. Bh6 Ba6 14. Bxa6 Rxa6 15. h4
cxd4 16. cxd4 Qb6 17. h5 Bxh6 18. Qxh6 Nxh5 19. g4 Nhf6 20. f4 Qb4+ 21. Kf1 Rc8
22. e5 Qd2 23. exf6 Qxd1+ 24. Kf2 Nxf6 25. Qxh7+ Nxh7 26. Rxd1 Rc2 27. b4 Nf6
28. g5 Nd5 29. Kf3 Nxb4 30. Rb1 Ra2 31. Rc3 Ra8 32. Kf2 Kg7 33. Rc7 Nd5 34. Rd7
Nc3 35. Re1 Nd5 36. Kf3 a4 37. Ke4 e6 38. Ng3 Ra3 39. Nf1 Rh3 40. Rxd6 a3 41.
Rc6 a2 42. Ra1 Raa3 43. Ke5 Rhf3 44. Nd2 Rxf4 45. Nc4 Rf5+ 46. Kd6 Ra7 47. Ne5
Rxg5 48. Rc2 Ra6+ 49. Kd7 f6 50. Nc6 Nf4 51. Raxa2 Rd5+ 52. Ke7 Rxa2 53. Rxa2
g5 54. Ra8 g4 55. Ke8 g3 56. Ra7+ Kh6 57. Kf7 Kg5 58. Ra8 Rd7+ 59. Ne7 g2 60.
Rg8+ Kh4 61. Kxf6 Kh3 62. Nf5 Kh2 63. Ke5 exf5 64. Kxf4 g1=Q 65. Rh8+ Kg2 66.
Rg8+ Kh1 67. Rh8+ Qh2+ 68. Rxh2+ Kxh2 0-1

[Event "Politiken Cup 2007"]
[Site "Helsingor"]
[Date "2007.07.28"]
[Round "9.105"]
[White "Green, Per"]
[Black "Meier, Lars"]
[Result "1-0"]
[WhiteElo "1997"]
[BlackElo "1744"]
[PlyCount "87"]
[EventDate "2007.??.??"]

1. Nf3 Nc6 2. d4 d5 3. c4 dxc4 4. d5 Nb4 5. Qa4+ Qd7 6. Qxb4 Qxd5 7. Nc3 Qc6 8.
e4 e6 9. Qxc4 Qxc4 10. Bxc4 Bb4 11. O-O Nf6 12. e5 Bxc3 13. bxc3 Nd5 14. Bxd5
exd5 15. Ba3 Be6 16. Nd4 O-O-O 17. Rab1 Rhe8 18. Rb2 Bd7 19. Re1 b6 20. f4 c5
21. Nb5 Bxb5 22. Rxb5 Re7 23. Rbb1 Kc7 24. Rbd1 Kc6 25. Bc1 b5 26. f5 Rde8 27.
Bf4 f6 28. e6 g6 29. g4 a5 30. a3 h5 31. h3 Rg8 32. Kf2 hxg4 33. hxg4 gxf5 34.
gxf5 Rh8 35. Rh1 Reh7 36. Rxh7 Rxh7 37. Re1 Re7 38. Bg3 d4 39. cxd4 cxd4 40.
Ke2 Kd5 41. Kd3 Re8 42. Re4 Rg8 43. Rxd4+ Kc5 44. Bh4 1-0

[Event "Politiken Cup 2007"]
[Site "Helsingor"]
[Date "2007.07.28"]
[Round "9.106"]
[White "Joensen, Jogvan"]
[Black "Frank-Nielsen, Marie"]
[Result "1-0"]
[WhiteElo "1752"]
[BlackElo "1967"]
[PlyCount "47"]
[EventDate "2007.??.??"]

1. d4 d5 2. Nf3 Nf6 3. Bf4 e6 4. e3 c5 5. c3 Nc6 6. Bd3 Be7 7. Nbd2 h6 8. Ne5
cxd4 9. exd4 Qb6 10. b3 a6 11. O-O Bd7 12. Re1 Rc8 13. Rc1 Qa7 14. a4 Nd8 15.
Qe2 O-O 16. Qe3 h5 17. h3 b5 18. axb5 axb5 19. b4 Qb6 20. Bh6 Nc6 21. Bxg7 Kxg7
22. Qg5+ Kh8 23. Qh6+ Kg8 24. Nxd7 1-0

[Event "Politiken Cup 2007"]
[Site "Helsingor"]
[Date "2007.07.28"]
[Round "9.107"]
[White "Reppen, Ellisiv"]
[Black "Jorgensen, Orla Eilegaard"]
[Result "1/2-1/2"]
[WhiteElo "1922"]
[BlackElo "1731"]
[PlyCount "44"]
[EventDate "2007.??.??"]

1. e4 d6 2. d4 Nf6 3. Nc3 g6 4. Nf3 Bg7 5. h3 O-O 6. Be3 c6 7. Bd3 Re8 8. Qd2
e5 9. dxe5 dxe5 10. O-O-O b5 11. Bh6 b4 12. Ne2 a5 13. Bxg7 Kxg7 14. Qe3 Qc7
15. g4 c5 16. Bc4 Ba6 17. Bxa6 Rxa6 18. Ng3 a4 19. Rhg1 c4 20. Kd2 c3+ 21. bxc3
bxc3+ 22. Ke1 Qc4 1/2-1/2

[Event "Politiken Cup 2007"]
[Site "Helsingor"]
[Date "2007.07.28"]
[Round "9.108"]
[White "Clausen, HansJørgen"]
[Black "Lynge, Torben"]
[Result "1/2-1/2"]
[WhiteElo "1667"]
[BlackElo "1920"]
[PlyCount "181"]
[EventDate "2007.??.??"]

1. d4 Nf6 2. Nf3 g6 3. e3 Bg7 4. c4 c5 5. Nc3 cxd4 6. exd4 O-O 7. Be2 d6 8. O-O
b6 9. b3 Bb7 10. Bb2 Nbd7 11. h3 Rc8 12. d5 Nxd5 13. Rc1 Nf4 14. Na4 Bxb2 15.
Nxb2 d5 16. Qd2 Nxe2+ 17. Qxe2 Ba6 18. Rfd1 e6 19. Qe3 Nf6 20. cxd5 Nxd5 21.
Qh6 Qf6 22. Rxc8 Rxc8 23. Rd4 Qg7 24. Qxg7+ Kxg7 25. Ra4 Nc7 26. Ne5 b5 27. Rf4
f6 28. Ned3 Nd5 29. Re4 Kf7 30. a4 Nc3 31. Re3 bxa4 32. bxa4 Nd5 33. Re2 Nf4
34. Rd2 Rd8 35. Ne5+ Ke8 36. Rxd8+ Kxd8 37. Nc6+ Kc7 38. Nxa7 Kb6 39. Nb5 Bxb5
40. axb5 Kxb5 41. f3 Kc5 42. Kf2 Kd4 43. Nd1 h5 44. h4 Nd5 45. g3 f5 46. Nb2
Nc3 47. Kg2 e5 48. g4 Nd5 49. gxf5 gxf5 50. Kf2 f4 51. Ke2 Ne3 52. Nd3 Nf5 53.
Nf2 Nxh4 54. Nh3 Nf5 55. Ng5 Ng3+ 56. Kf2 Kd3 57. Nf7 Kd4 58. Ng5 h4 59. Nh3 e4
60. Nxf4 e3+ 61. Ke1 Kc5 62. Nh3 Kd6 63. Kd1 Ke5 64. Kc2 Kd4 65. Nf4 Nf5 66.
Nh3 Ke5 67. Kd3 Kf6 68. Ke2 Ke5 69. Kd3 Kd5 70. Ng1 Kc5 71. Nh3 Kb4 72. Nf4 Kb3
73. Nh3 Kb2 74. Ng1 Kc1 75. Ke2 Kc2 76. Nh3 Kc3 77. Nf4 Kd4 78. Nh3 Ng3+ 79.
Ke1 Kc3 80. Nf4 Kd4 81. Nh3 Nh5 82. Ke2 Ng3+ 83. Ke1 Kd3 84. Nf4+ Kc2 85. Nh3
e2 86. Nf4 Kc3 87. Nxe2+ Kd3 88. Nxg3 hxg3 89. Kf1 Ke3 90. Kg2 Kf4 91. Kg1
1/2-1/2

[Event "Politiken Cup 2007"]
[Site "Helsingor"]
[Date "2007.07.28"]
[Round "9.109"]
[White "Andersen, Harry"]
[Black "Mæchel, Michael"]
[Result "1-0"]
[WhiteElo "1912"]
[BlackElo "1605"]
[PlyCount "83"]
[EventDate "2007.??.??"]

1. e4 e5 2. f4 exf4 3. Nf3 Be7 4. Bc4 Bh4+ 5. Kf1 Nf6 6. Nxh4 Nxe4 7. Nf3 O-O
8. d3 Nf6 9. Bxf4 d5 10. Bb3 Bg4 11. Kf2 Nc6 12. Rf1 Nd4 13. Nbd2 c5 14. Kg1
Qb6 15. c3 Nxf3+ 16. Rxf3 c4+ 17. Be3 Bxf3 18. Qxf3 Qb5 19. dxc4 dxc4 20. Nxc4
Rad8 21. Bxa7 Rd5 22. Bd4 Rf5 23. Nd6 Rxf3 24. Nxb5 Rf5 25. Nd6 Rg5 26. Nxb7
Ne4 27. Rf1 Nd2 28. Be3 Rb5 29. Bxd2 Rxb7 30. c4 Rd8 31. Bc3 h5 32. Rf5 g6 33.
Rf6 Rd3 34. c5 Rc7 35. Rd6 Rxd6 36. cxd6 Rd7 37. Bb4 Rb7 38. a3 Kg7 39. Bd5 Rd7
40. Bc6 Rd8 41. d7 Kf6 42. Ba5 1-0

[Event "Politiken Cup 2007"]
[Site "Helsingor"]
[Date "2007.07.28"]
[Round "9.111"]
[White "Korley, Kassa"]
[Black "van Veelen, Jouke"]
[Result "1-0"]
[WhiteElo "1900"]
[BlackElo "1565"]
[PlyCount "121"]
[EventDate "2007.??.??"]

1. Nf3 Nf6 2. d4 d5 3. Bf4 c5 4. c3 g6 5. e3 Bg7 6. Bd3 Nbd7 7. Nbd2 O-O 8. h3
a6 9. O-O Re8 10. Bh2 b5 11. Ne5 Bb7 12. f4 e6 13. Qf3 c4 14. Bc2 Rf8 15. g4
Nxe5 16. fxe5 Ne8 17. Rf2 f5 18. Raf1 Qe7 19. gxf5 exf5 20. Rg2 Nc7 21. Kh1 Ne6
22. Rfg1 Bc6 23. Bf4 Rfd8 24. Rg3 Be8 25. Qg2 Ra7 26. Nf3 a5 27. Bb1 b4 28. Qd2
Rb8 29. Bg5 Nxg5 30. Rxg5 b3 31. a3 Rb6 32. Qg2 Bh6 33. Rxf5 Bxe3 34. Rf1 Bd7
35. Rh5 Qg7 36. Rh4 h6 37. Nh2 Bg5 38. Rg4 Bxg4 39. Nxg4 Rd7 40. h4 Bxh4 41.
Ne3 Kh7 42. Nxd5 Ra6 43. Be4 Rf7 44. Ne3 Bg5 45. Nxc4 Qf8 46. Rg1 Rf2 47. Qh3
Qf4 48. Bd5 Qh4 49. Qxh4 Bxh4 50. Be4 Bg5 51. d5 Bf4 52. Re1 Bg3 53. Kg1 Rf8
54. Re2 Re8 55. d6 Bh4 56. Bd5 Bg3 57. d7 Rd8 58. e6 Rxe6 59. Bxe6 g5 60. Bf5+
Kg7 61. Nxa5 1-0

[Event "Politiken Cup 2007"]
[Site "Helsingor"]
[Date "2007.07.28"]
[Round "9.112"]
[White "Hernandez Castro, Julio Cesar"]
[Black "Jogvansson, Hjalti Toftum"]
[Result "1-0"]
[WhiteElo "1898"]
[BlackElo "1519"]
[PlyCount "83"]
[EventDate "2007.??.??"]

1. c4 f5 2. g3 Nf6 3. Bg2 e6 4. Nc3 Be7 5. d3 O-O 6. Nf3 c6 7. O-O d5 8. cxd5
cxd5 9. b3 Nc6 10. Bb2 Bd7 11. Rc1 Rc8 12. e3 h6 13. Ne2 a6 14. Nf4 g5 15. Ng6
Rf7 16. Nxe7+ Qxe7 17. Ne5 Nxe5 18. Rxc8+ Bxc8 19. Bxe5 Bd7 20. Qa1 Bc6 21. Rc1
Nd7 22. Bb2 Qd6 23. Qb1 Nf6 24. Qc2 Nd7 25. Qc3 Rh7 26. Qc2 Rf7 27. Qe2 Nf6 28.
h3 Rf8 29. Rd1 Qc7 30. Rc1 Qd6 31. Qe1 Rf7 32. Qa5 f4 33. exf4 gxf4 34. Qc3 Kf8
35. a4 Ke7 36. b4 Bxa4 37. b5 Kd7 38. Qc8+ Ke7 39. Rc7+ Nd7 40. Ba3 Qxa3 41.
Qxd7+ Kf6 42. Qxf7+ 1-0

[Event "Politiken Cup 2007"]
[Site "Helsingor"]
[Date "2007.07.28"]
[Round "9.113"]
[White "Christensen, Casper"]
[Black "Schmidt, Horst Hubert"]
[Result "0-1"]
[WhiteElo "1524"]
[BlackElo "1896"]
[PlyCount "300"]
[EventDate "2007.??.??"]

1. d4 Nf6 2. Bf4 g6 3. e3 Bg7 4. c4 O-O 5. Nc3 d5 6. h3 c5 7. Nf3 Qa5 8. Qa4
Qb6 9. Qb5 Qd8 10. Qxc5 Na6 11. Qb5 e6 12. Bd3 Qe7 13. c5 Nc7 14. Qa5 b6 15.
cxb6 axb6 16. Qxb6 Nfe8 17. O-O Ba6 18. Bxa6 Nxa6 19. a3 f6 20. Rfc1 g5 21. Bh2
Rf7 22. b4 Qd7 23. Na4 Qxa4 24. Qxe6 Nxb4 25. Bd6 Nxd6 26. Qxd6 Bf8 27. Qe6 Nc2
28. Ra2 Nxa3 29. Qxd5 Raa7 30. Kh1 Qd7 31. Qxd7 Rfxd7 32. Nd2 Rdc7 33. Rxc7
Rxc7 34. Ne4 Kg7 35. Nc5 Bxc5 36. dxc5 Nc4 37. Kh2 Rxc5 38. Ra7+ Kg6 39. Ra8
Rc7 40. Rg8+ Kf7 41. Rd8 Ne5 42. Rd4 h5 43. f4 Ng6 44. fxg5 fxg5 45. Rd5 Kf6
46. e4 Nf4 47. Rf5+ Kg6 48. h4 Ne6 49. hxg5 Nxg5 50. Rf4 Rc4 51. Kg3 Rxe4 52.
Rh4 Re2 53. Rf4 Ra2 54. Rb4 Nh7 55. Kh3 Nf6 56. Rb6 Ra4 57. Rc6 Rf4 58. Rc5 Rf5
59. Rc6 Kg5 60. Rc7 Nd5 61. Rg7+ Kh6 62. Ra7 Rg5 63. Ra6+ Kg7 64. Kh4 Re5 65.
g4 Nf6 66. gxh5 Rxh5+ 67. Kg3 Rf5 68. Ra7+ Kg6 69. Ra6 Kg5 70. Ra4 Nh5+ 71. Kh3
Nf4+ 72. Kg3 Ne2+ 73. Kh3 Rf3+ 74. Kg2 Rb3 75. Kf2 Nf4 76. Ra8 Ne6 77. Ra4 Kf5
78. Ra5+ Ke4 79. Ra8 Rf3+ 80. Ke2 Nd4+ 81. Kd2 Rd3+ 82. Kc1 Rc3+ 83. Kb2 Rb3+
84. Ka2 Rb5 85. Ra3 Kd5 86. Rc3 Ne2 87. Rc2 Nd4 88. Rc3 Ne6 89. Ka3 Nc5 90. Ka2
Kd4 91. Rc2 Kd3 92. Rb2 Ra5+ 93. Kb1 Ne4 94. Rb8 Kc3 95. Rc8+ Nc5 96. Rb8 Nd3
97. Rc8+ Kb3 98. Rb8+ Nb4 99. Rh8 Rd5 100. Rh3+ Nd3 101. Rg3 Kc3 102. Rh3 Rb5+
103. Ka2 Rb2+ 104. Ka3 Rb8 105. Ka4 Kd4 106. Rh4+ Kd5 107. Rh5+ Ne5 108. Rg5
Kc4 109. Ka3 Rb3+ 110. Ka4 Rb1 111. Ka3 Re1 112. Rh5 Nd3 113. Rh4+ Kc3 114. Ka4
Re5 115. Rh3 Rf5 116. Rg3 Kc4 117. Rg4+ Nf4 118. Rg8 Ne6 119. Rg4+ Nd4 120. Rg8
Rc5 121. Rg7 Rc6 122. Ka3 Rb6 123. Rc7+ Nc6 124. Rh7 Rb3+ 125. Ka2 Nb4+ 126.
Ka1 Ra3+ 127. Kb2 Ra2+ 128. Kb1 Rf2 129. Rh4+ Kc3 130. Rh3+ Nd3 131. Rg3 Rd2
132. Rh3 Kb3 133. Rh1 Rb2+ 134. Ka1 Rc2 135. Kb1 Re2 136. Rg1 Rc2 137. Rh1 Rb2+
138. Ka1 Ka3 139. Rh3 Rb3 140. Rg3 Rc3 141. Rg1 Nc5 142. Rh1 Nb3+ 143. Kb1 Nd2+
144. Ka1 Rb3 145. Rg1 Rc3 146. Rh1 Rc2 147. Rh3+ Nb3+ 148. Rxb3+ Kxb3 149. Kb1
Rc3 150. Ka1 Rc1# 0-1

[Event "Politiken Cup 2007"]
[Site "Helsingor"]
[Date "2007.07.28"]
[Round "9.114"]
[White "Nielsen, Palle"]
[Black "Gade, Jens"]
[Result "1/2-1/2"]
[WhiteElo "1877"]
[BlackElo "1462"]
[PlyCount "117"]
[EventDate "2007.??.??"]

1. d4 d5 2. Nf3 Nf6 3. Bf4 e6 4. Nbd2 c5 5. e3 cxd4 6. exd4 Be7 7. c3 O-O 8.
Bd3 b6 9. h3 Ba6 10. Bxa6 Nxa6 11. Ne5 Nb8 12. Be3 Nfd7 13. f4 Bh4+ 14. Ke2
Nxe5 15. fxe5 Bg5 16. Bf2 f5 17. Nf3 Bh6 18. Qd3 Nc6 19. Rag1 f4 20. h4 Ne7 21.
Ng5 Bxg5 22. hxg5 g6 23. Qh3 Rf7 24. Qxe6 Qc8 25. Qxc8+ Rxc8 26. Rh3 Rcf8 27.
Rgh1 Rg7 28. Kf3 b5 29. Be1 Nc6 30. Kg4 Na5 31. b3 Nc6 32. Rf1 Nd8 33. Rxf4
Rxf4+ 34. Kxf4 Ne6+ 35. Kg4 Rf7 36. Rf3 Ng7 37. Rxf7 Kxf7 38. Bd2 a6 39. Kf3
Ne6 40. Ke2 Ke7 41. Kd3 Kd7 42. c4 bxc4+ 43. bxc4 Kc6 44. c5 Kb5 45. Kc3 Kc6
46. a4 Nc7 47. Be3 Ne6 48. Kb4 Nc7 49. Ka5 Kb7 50. Bf2 Ne6 51. Be3 Nc7 52. Kb4
Kc6 53. Kc3 Ne6 54. Kd3 Kd7 55. Bd2 Kc6 56. Be3 Nc7 57. Ke2 Ne6 58. Kf3 Nc7 59.
Ke2 1/2-1/2

[Event "Politiken Cup 2007"]
[Site "Helsingor"]
[Date "2007.07.28"]
[Round "9.115"]
[White "Fjellheim, Marius"]
[Black "Tudvad, Mads"]
[Result "1-0"]
[WhiteElo "1318"]
[BlackElo "1873"]
[PlyCount "39"]
[EventDate "2007.??.??"]

1. d4 Nf6 2. Bg5 Ne4 3. Bf4 e6 4. Nd2 Nxd2 5. Qxd2 d5 6. e3 c5 7. c3 Nc6 8. Bd3
cxd4 9. exd4 a5 10. Nf3 Bd6 11. O-O Qc7 12. Bg3 Bxg3 13. fxg3 f6 14. Rae1 O-O
15. Ng5 f5 16. Nxe6 Bxe6 17. Rxe6 Qd7 18. Rfe1 g6 19. Qe3 Kf7 20. Bb5 1-0

[Event "Politiken Cup 2007"]
[Site "Helsingor"]
[Date "2007.07.28"]
[Round "9.116"]
[White "Cromsight, Jeroen"]
[Black "Jørgensen, Rasmus"]
[Result "1-0"]
[WhiteElo "1872"]
[BlackElo "1399"]
[PlyCount "39"]
[EventDate "2007.??.??"]

1. e4 e5 2. Nf3 Nc6 3. Bc4 Bc5 4. c3 Nf6 5. d4 exd4 6. cxd4 Bb4+ 7. Nc3 Nxe4 8.
O-O Bxc3 9. d5 Ba5 10. dxc6 bxc6 11. Qa4 Nd6 12. Qxa5 Nxc4 13. Qc3 d5 14. Qxg7
Rf8 15. Bh6 Qd6 16. b3 Nb6 17. Nd4 Be6 18. Qxf8+ Qxf8 19. Bxf8 Kxf8 20. Rac1
1-0

[Event "Politiken Cup 2007"]
[Site "Helsingor"]
[Date "2007.07.28"]
[Round "9.117"]
[White "Johansen, Stian"]
[Black "Nielsen, Preben"]
[Result "1/2-1/2"]
[WhiteElo "1000"]
[BlackElo "1962"]
[PlyCount "54"]
[EventDate "2007.??.??"]

1. e4 c5 2. Nf3 e6 3. d4 cxd4 4. Nxd4 Nc6 5. Nc3 a6 6. Be2 Nf6 7. O-O Be7 8.
Nxc6 bxc6 9. f4 Qb6+ 10. Kh1 d5 11. exd5 exd5 12. Qd3 O-O 13. Be3 Qc7 14. Bf3
Rb8 15. Bd4 Rb7 16. Rae1 g6 17. Qe3 Qd6 18. b3 Ng4 19. Bxg4 Bxg4 20. h3 Bc8 21.
Na4 Qd8 22. Nc5 Rc7 23. Nd3 Rb7 24. Nc5 Rc7 25. Nd3 Rb7 26. Nc5 Rc7 27. Nd3 Rb7
1/2-1/2

[Event "Politiken Cup 2007"]
[Site "Helsingor"]
[Date "2007.07.28"]
[Round "9.118"]
[White "Christensen, Simon Ellegaard"]
[Black "Thorsteinsdottir, Hallgerdur"]
[Result "1/2-1/2"]
[WhiteElo "1508"]
[BlackElo "1808"]
[PlyCount "47"]
[EventDate "2007.??.??"]

1. d4 Nf6 2. Nf3 g6 3. Bf4 Bg7 4. h3 O-O 5. e3 d5 6. Bd3 c5 7. Nbd2 Nc6 8. c3
Nd7 9. Bg3 cxd4 10. exd4 e5 11. dxe5 Ndxe5 12. Nxe5 Nxe5 13. Bc2 b6 14. O-O Bb7
15. Re1 Re8 16. f4 Nd7 17. Rxe8+ Qxe8 18. Qe1 Nc5 19. Bf2 Qd7 20. Bxc5 bxc5 21.
Nb3 Qb5 22. Qe7 c4 23. Qc5 Qb6 24. Qxb6 1/2-1/2

[Event "Politiken Cup 2007"]
[Site "Helsingor"]
[Date "2007.07.28"]
[Round "9.119"]
[White "Lie, Terje"]
[Black "Olafsson, Olafur Senior"]
[Result "0-1"]
[WhiteElo "1772"]
[BlackElo "1500"]
[PlyCount "114"]
[EventDate "2007.??.??"]

1. d4 e6 2. c4 Nf6 3. Nc3 b6 4. e4 Bb7 5. f3 d5 6. cxd5 exd5 7. e5 Nfd7 8. Be3
Bb4 9. a3 Be7 10. Qd2 c5 11. f4 cxd4 12. Bxd4 Nc5 13. Qc2 Nc6 14. Nf3 Qd7 15.
h3 a6 16. Be2 O-O 17. O-O Nxd4 18. Nxd4 Rac8 19. f5 Bg5 20. Rf3 Rfe8 21. b4 Ne4
22. e6 Qd6 23. exf7+ Kxf7 24. Ne6 Qe5 25. Nxg5+ Nxg5 26. Rc1 d4 27. Qb3+ Kf8
28. Rd3 Rxc3 29. Qd1 Rxc1 30. Qxc1 Qxe2 31. Qf1 Qxf1+ 32. Kxf1 Rd8 33. Kg1 Be4
34. Rd2 b5 35. Kh2 Ke7 36. Kg3 Kf6 37. h4 Nf7 38. Kf4 Bxf5 39. g4 Be6 40. g5+
Ke7 41. h5 Rd5 42. g6 hxg6 43. hxg6 Nh8 44. Ke4 Nxg6 45. Rg2 Kf6 46. Rf2+ Kg5
47. Rg2+ Kf6 48. Rf2+ Ke7 49. Rg2 Ne5 50. Rxg7+ Kd6 51. Ra7 d3 52. Rxa6+ Nc6
53. a4 d2 54. axb5 d1=Q 55. Rxc6+ Kd7 56. Rc5 Rxc5 57. bxc5 Qd5+ 0-1

[Event "Politiken Cup 2007"]
[Site "Helsingor"]
[Date "2007.07.28"]
[Round "9.120"]
[White "Palvig, David Kinch"]
[Black "Pallesen, Jørn"]
[Result "1-0"]
[WhiteElo "1741"]
[BlackElo "1462"]
[PlyCount "111"]
[EventDate "2007.??.??"]

1. d4 Nf6 2. Bf4 e6 3. Nf3 d5 4. e3 c6 5. c3 Bd6 6. Bg3 Ne4 7. Nbd2 Nxg3 8.
hxg3 Nd7 9. Bd3 Nf6 10. Qc2 h6 11. e4 dxe4 12. Nxe4 Nxe4 13. Bxe4 Qc7 14. Rh5
Rf8 15. Ne5 Bxe5 16. Rxe5 Bd7 17. O-O-O O-O-O 18. Kb1 Kb8 19. Bf3 f6 20. Re3 f5
21. Re5 Rf6 22. Rde1 Qd6 23. Qb3 g5 24. a4 g4 25. Be2 Ka8 26. Bc4 Re8 27. Ra5
Qc7 28. Rae5 Qc8 29. Kc2 Kb8 30. Qb4 Kc7 31. Qa5+ Kb8 32. Qc5 Qc7 33. Bd3 f4
34. gxf4 Rxf4 35. R5e2 Ref8 36. Rf1 Qd8 37. Qh5 Rh8 38. Re4 Rxe4 39. Bxe4 Qg5
40. Rh1 Qxh5 41. Rxh5 Rf8 42. f3 gxf3 43. Bxf3 Rf6 44. Kd3 Be8 45. Re5 Bg6+ 46.
Ke3 Kc7 47. c4 Bc2 48. a5 Kd6 49. Rc5 Rf5 50. Rxf5 Bxf5 51. c5+ Kc7 52. Kf4 a6
53. Bg4 Bxg4 54. Kxg4 Kd7 55. Kh5 Ke7 56. Kxh6 1-0

[Event "Politiken Cup 2007"]
[Site "Helsingor"]
[Date "2007.07.28"]
[Round "9.121"]
[White "Jørgensen, Carina Eilegaard"]
[Black "Hirneise, Lothar"]
[Result "1-0"]
[WhiteElo "1726"]
[BlackElo "1450"]
[PlyCount "105"]
[EventDate "2007.??.??"]

1. e4 d5 2. exd5 Nf6 3. c4 e6 4. dxe6 Bxe6 5. Qa4+ Nc6 6. Nf3 Qe7 7. Be2 Qb4 8.
Nc3 O-O-O 9. Qxb4 Nxb4 10. O-O Nc2 11. Rb1 Bf5 12. Nh4 Be6 13. d3 Nd4 14. Re1
Bb4 15. Kf1 Rhe8 16. Be3 Bxc3 17. bxc3 Nxe2 18. Kxe2 b6 19. h3 h6 20. Rb2 g5
21. Nf3 Bf5 22. Nd4 Bd7 23. Kf1 Nh5 24. c5 f5 25. cxb6 cxb6 26. Nb5 Kb8 27. Bd4
Bc6 28. Reb1 Bxb5 29. Rxb5 Kc7 30. Rxf5 Re6 31. Rf7+ Rd7 32. Rxd7+ Kxd7 33. g3
Nf6 34. Bxf6 Rxf6 35. Ke2 Re6+ 36. Kf1 Rc6 37. c4 Rd6 38. Rb3 Kc6 39. a3 Kc5
40. Rb5+ Kd4 41. Rd5+ Rxd5 42. cxd5 Kxd5 43. Ke2 Kd4 44. Kd2 b5 45. f4 gxf4 46.
gxf4 a5 47. Kc2 Kd5 48. Kc3 Ke6 49. d4 Kf5 50. d5 Kf6 51. Kd4 b4 52. axb4 a4
53. Kc4 1-0

[Event "Politiken Cup 2007"]
[Site "Helsingor"]
[Date "2007.07.28"]
[Round "9.122"]
[White "Edakina, Maria"]
[Black "Madsen, Tobias Juul"]
[Result "1-0"]
[WhiteElo "1281"]
[BlackElo "1651"]
[PlyCount "35"]
[EventDate "2007.??.??"]

1. d4 Nf6 2. Nf3 c5 3. c4 g6 4. Nc3 Bg7 5. e4 cxd4 6. Nxd4 d6 7. h3 Nc6 8. Be3
O-O 9. Qd2 Bd7 10. Nc2 Qa5 11. f4 Rfd8 12. Bd3 Rac8 13. O-O Be8 14. Rab1 a6 15.
g4 Nd7 16. b4 Qc7 17. Nd5 Qb8 18. b5 1-0

[Event "Politiken Cup 2007"]
[Site "Helsingor"]
[Date "2007.07.28"]
[Round "9.123"]
[White "Eiholt, Bjarne"]
[Black "Braüner, Jonathan"]
[Result "0-1"]
[WhiteElo "1647"]
[BlackElo "1284"]
[PlyCount "112"]
[EventDate "2007.??.??"]

1. d4 f5 2. e4 fxe4 3. Nc3 Nf6 4. f3 exf3 5. Nxf3 d5 6. Bd3 Bg4 7. O-O Nc6 8.
Bg5 Qd7 9. Qd2 O-O-O 10. Bb5 Bxf3 11. Rxf3 h6 12. Bxf6 gxf6 13. Na4 h5 14. Rc3
Kb8 15. Qd3 Nb4 16. Bxd7 Nxd3 17. Bf5 Nf4 18. Re1 h4 19. Rf3 Nh5 20. Nc5 Ng7
21. Bh3 b6 22. Nd7+ Kb7 23. Nxf8 Rdxf8 24. Rxe7 Ne8 25. Be6 Kc6 26. Re3 Nd6 27.
Rc3+ Nc4 28. Bh3 b5 29. Re6+ Kb7 30. Rb3 c6 31. a4 a6 32. axb5 axb5 33. Rc3 Kb6
34. b3 b4 35. Rf3 Na3 36. c3 Rh6 37. cxb4 Nc2 38. Rc3 Nxd4 39. Re1 Kb5 40. Bd7
Kxb4 41. Rd3 c5 42. Ra1 Ne2+ 43. Kf1 Nc3 44. Rc1 d4 45. Be6 Ra8 46. Rf3 Ra2 47.
Rf5 h3 48. Rf2 hxg2+ 49. Rxg2 Rxh2 50. Rxa2 Rxa2 51. Bc4 Rb2 52. Re1 Rb1 53.
Rxb1 Nxb1 54. Ke2 f5 55. Kd3 f4 56. Kc2 Na3+ 0-1